LIBRARY & INFORMATION CENTRE, KCAET, TAVANUR

ONLINE PUBLIC ACCESS CATALOGUE (OPAC)

Poems of Gerald Manley Hopkins / (Record no. 4452)

MARC details
000 -LEADER
fixed length control field 00410cam a2200157ua 4500
041 ## - LANGUAGE CODE
Language code of text/sound track or separate title eng
082 ## - DEWEY DECIMAL CLASSIFICATION NUMBER
Classification number 821
Item number HOP/PO
100 ## - MAIN ENTRY--AUTHOR NAME
Personal name Hopkins, Gerald Manley .
245 ## - TITLE STATEMENT
Title Poems of Gerald Manley Hopkins /
250 ## - EDITION STATEMENT
Edition statement 4 /
260 ## - PUBLICATION, DISTRIBUTION, ETC. (IMPRINT)
Place of publication London :
Name of publisher Oxford University Press ,
Year of publication 1967.
300 ## - PHYSICAL DESCRIPTION
Number of Pages 362 ; .
942 ## - ADDED ENTRY ELEMENTS (KOHA)
Koha item type Books
Holdings
Withdrawn status Lost status Damaged status Home library Current library Date acquired Full call number Accession Number Koha item type
Withdrawn     KAUAET Malayalam University 07/04/2012 821 11920 Books
free website counter